Vṛttaratnākaram. (Record no. 80897)

MARC details
000 -LEADER
fixed length control field 01032cam a22002771 4500
001 - CONTROL NUMBER
control field sa 68005708
003 - CONTROL NUMBER IDENTIFIER
control field DLC
005 - DATE AND TIME OF LATEST TRANSACTION
control field 20260227112511.0
008 - FIXED-LENGTH DATA ELEMENTS--GENERAL INFORMATION
fixed length control field 850617s1966 ii b 000 0 san
010 ## - LIBRARY OF CONGRESS CONTROL NUMBER
LC control number sa 68005708
020 ## - INTERNATIONAL STANDARD BOOK NUMBER
Terms of availability Rs3
025 ## - OVERSEAS ACQUISITION NUMBER
Overseas acquisition number PL480: I-San-707
035 ## - SYSTEM CONTROL NUMBER
System control number (OCoLC)13891070
040 ## - CATALOGING SOURCE
Original cataloging agency DLC
Transcribing agency NN
Modifying agency DLC
042 ## - AUTHENTICATION CODE
Authentication code premarc
050 00 - LIBRARY OF CONGRESS CALL NUMBER
Classification number PK875
Item number .K43
100 0# - MAIN ENTRY--PERSONAL NAME
Personal name Kedārabhaṭṭa.
240 10 - UNIFORM TITLE
Uniform title Vr̥ttaratnākara
245 10 - TITLE STATEMENT
Title Vṛttaratnākaram.
Statement of responsibility, etc. Śrībhaṭṭakedāraviracitam. Ghilḍiyālopāhv ena Śrīdharānandaśāstriṇā praṇītayā prājñatoṣiṇīvyākhyayā Hindīrūpāntareṇa ṭippaṇyā ca samalaṅkṛtam.
260 ## - PUBLICATION, DISTRIBUTION, ETC.
Place of publication, distribution, etc. Dillī,
Name of publisher, distributor, etc. Motīlāla Banārasīdāsa
Date of publication, distribution, etc. [1966]
300 ## - PHYSICAL DESCRIPTION
Extent 26, 242 p.
Dimensions 18 cm.
500 ## - GENERAL NOTE
General note In Sanskrit; introductory matter in Hindi; commentary in Hindi and Sanskrit.
504 ## - BIBLIOGRAPHY, ETC. NOTE
Bibliography, etc. note Bibliographical footnotes.
650 #0 - SUBJECT ADDED ENTRY--TOPICAL TERM
Topical term or geographic name entry element Sanskrit language
General subdivision Metrics and rhythmics.
700 12 - ADDED ENTRY--PERSONAL NAME
Personal name Ghildiyal, Shridharanand Sharma,
Dates associated with a name 1927-
Title of a work Prājñatoṣinī.

No items available.

Powered by Koha